Beyoncé - JOLENE (Lyrics) - Statistics

General Stats
  • This quiz has been taken 41 times
  • The average score is 201 of 318
Answer Stats
Hint Answer % Correct
I
100%
Intro (Jolene)
100%
Chorus Jolene
100%
don't
96%
Don't
96%
(Don't
96%
my
96%
you
96%
(You
96%
You
96%
man
92%
a
88%
can
88%
come
88%
I'm
88%
for
83%
he
83%
the
83%
The
83%
warnin'
83%
me
79%
me)
79%
Bridge Me
79%
take
79%
think
79%
and
75%
because
75%
between
75%
by
75%
him
75%
To
71%
to
71%
with
71%
your
71%
Your
71%
chance
67%
go
67%
happy
67%
know
67%
than
67%
beauty
63%
family
63%
in
63%
those
63%
beyond
58%
compare
58%
every
58%
gon'
58%
gon
58%
kids
58%
more
58%
no
58%
stand
58%
that
58%
That
58%
Verse 1 You're
58%
you're
58%
games
54%
Good
54%
good
54%
his
54%
new
54%
nothing
54%
on
54%
play
54%
raised
54%
So
54%
so
54%
Takes
54%
too
54%
woman
54%
are
50%
better
50%
find
50%
heat
50%
Highs
50%
himself
50%
knows
50%
lows
50%
this
50%
valleys
50%
want
50%
beautiful
46%
bitch
46%
crossed
46%
everything
46%
from
46%
own
46%
stares
46%
But
42%
easily
42%
like
42%
queen
42%
room
42%
seductive
42%
Verse 2 There's
42%
understand
42%
act
38%
as
38%
attracted
38%
Cause
38%
cause
38%
desperate
38%
she
38%
thousand
38%
been
33%
breathin'
33%
Creole
33%
fool
33%
girls
33%
her
33%
love
33%
shoot
33%
sleep
33%
still
33%
talk
33%
twenty
33%
weeds
33%
We've
33%
years
33%
breeze
29%
can't
29%
deep
29%
else
29%
gentle
29%
have
29%
move
29%
planted
29%
seeds
29%
shot
29%
smoke
29%
someone
29%
up
29%
had
25%
hate
25%
heard
25%
roll
25%
try
25%
tumblin'
25%
deeds
21%
(What?)
21%
our
21%
peace
21%
what?)
21%
bird
17%
depends
17%
dig
17%
how
17%
I'ma
17%
man's
17%
sing
17%
banjee
13%
Louisiane
13%
tune
13%
them
4%
(Yeah,
4%
No matching quizzes found
Score Distribution
Percent of People with Each Score
Percentile by Number Answered
Your Score History
You have not taken this quiz